Quizzes
Events
Quiz Creation
Community
Videos
Private Events
Remove Ads
Sign In
Join for FREE
Feedback
Dark Mode
Quiz Categories
Sports
Geography
Music
Movies
Television
Just For Fun
Miscellaneous
History
Literature
Language
Science
Gaming
Entertainment
Religion
Holiday
For Kids
Quiz Lab
Recent
Popular Today
Quiz Kudos Today
Editor Picks
Curator Picks
Quizzes by...
Day
Popularity
Type
Ratings
Length
Year
Community
Subscriptions
Recent Discussions
Orange Saloon
Badges
Playlists
Quests
Create
Leaderboards
Showdown
Live 5
Trivia Bingo
Activity
Puzzle Library
Sporcle Events
Private Events
Virtual Trivia
Globe League
Become a Host
Pub Owners
SporcleCon
Opinionation
Our Games
Videos
Blog
Mobile Apps
Partnerships
Remove Ads and Go Orange
Feedback
Gaming
Video Games
Board Games
Card Games
Pokémon
Mario
Nintendo
Minecraft
Console
Toys
Legend of Zelda
Gaming
Video Games
Board Games
Card Games
Pokémon
Mario
Nintendo
Minecraft
Console
Toys
Legend of Zelda
Random Quiz
Search Sporcle
×
Quiz Lab
Quiz Lab
Gaming
Kingdom Hearts
Type in answers that appear in a list
Type in answers that appear in a list
Classic
Best Score? Go Orange.
Kingdom Hearts 1 Keyblades (By Picture) Stats
Can you name the Kingdom Hearts 1 Keyblades (By Picture)?
By
XPeaceChill
7m
16 Questions
1,020 Plays
1,020 Plays
1,020 Plays
Comments
Comments
Give Quiz Kudos
Give Quiz Kudos
-
- Ratings
hide this ad
More Info
Forced Order
Answers have to be entered in order
Answers have to be entered in order
Replay
Link that replays current quiz
Next Quiz
Link to next quiz in quiz playlist
You Got
0%
They Got
Avg Score
63%
Avg Friend Score
Upgrade to see
Score Distribution
Jump to the score distribution portion of the page
Score
0/16
Timer
07:00
0
Plays Today
Keyblade
% Correct
Kingdom Key
99.1%
Three Wishes
74.1%
Oblivion
69.3%
Oathkeeper
68.7%
Crabclaw
65.4%
Ultima Weapon
64.4%
Lionheart
63.7%
Metal Chocobo
63.1%
Keyblade
% Correct
Jungle King
62.5%
Lady Luck
60.5%
Fairy Harp
58.6%
Pumpkinhead
56.2%
Olympia
55.6%
Divine Rose
53.5%
Spellbinder
51.2%
Wishing Star
50.3%
Quiz Playlist
Details
Report
Send in Message
Add To Playlist
More Info:
Does not include the Dream Sword First two bonus answers are from Final Mix, second two are not wielded by Sora.
Classic:
Type in answers that appear in a list
Forced Order:
Answers have to be entered in order
Last Updated: Mar 28, 2018
Quiz Scoreboard
CHALLENGE
Sign Up to Join the Scoreboard
Show All
Scores
Hide
Comments
May contain spoilers
Recently Published
Alphabetical 'K' Countries by Flag Minefield
by ylime102
Geography
3m
Pick 6: Fruits
by JohnFran
Miscellaneous
15s
Click the 1999 NBA Draft
by nibperrychub
Sports
2m
More to Explore
Quiz From the Vault
Featured Blog Post
15 Basketball Trivia Facts You Can Be March Mad About
hide this ad
You Might Also Like...
Tags
heart
Image Quiz
Keyblade
Kingdom
Kingdom Hearts
reblade
Today's Top Quizzes in Gaming
Browse Gaming
hide this ad
Top Contributed Quizzes in Gaming
1
Pokémon Gen IV Logic Puzzle (HARD)
2
Order Genshin Impact characters by release date!
3
HARD Pokemon Logic Puzzle
4
Honkai: Star Rail Technique Names Quiz
5
Genshin Impact Logic Puzzle Quiz
6
Danganronpa Sorting Blitz
7
Pokémon Logic Puzzle (DIFFICULT)
8
Genshin Impact Logic Puzzle Quiz II
9
Animal Crossing Neighbors (Clickable)
10
Overwatch Logic Puzzle
Explore More
Trending Topics
Disney
Kpop
Harry Potter
Marvel
NBA
Anime
Crossword
Song
Pokémon
Country
Soccer
NFL
Puzzle
The Office
WWE
hide this ad
More By:
XPeaceChill
Quiz
Plays
Rating
Category
Featured
Created
Stardew Valley Villagers
10,713
4.85
Gaming
Apr 26, 2016
The Ending of The Great Gatsby
7,352
4.57
Literature
Apr 26, 2013
Survivor Item Match
5,994
4.61
Television
Jun 1, 2016
Gorillaz Clint Eastwood Lyrics
5,407
4.23
Music
Sep 13, 2013
Gorillaz Songs
4,582
4.94
Music
Jan 26, 2013
Go to Creator's Profile
Score Distribution
Quiz Creator Spotlight
XPeaceChill
Follow
Send a Message
Quizzes Created
-
Created Quiz Play Count
-
More By This Creator
Popular Quizzes Today
1
Find the US States - No Outlines Minefield
2
Countries of Asia Without Outlines Minefield
3
Pick 6: Fruits
4
The Countries of the World
5
Alphabetical 'K' Countries by Flag Minefield
6
Find the US States
7
Click the 1999 NBA Draft
8
Match the Book to the Film X
More Gaming Quizzes
Fallout Company Names Minefield
Quiz Lab
Trending Quizzes
Pick 6: Harry Potter
Pick 6: Mountains
Pick 6: NFL Teams
Pick 6: Movie Franchises
Pick 6: Golfers
Recently Updated
Women's Final Four Teams by Year
bhenderson79
Presidents Quartet II
eogle
Anything But Clue(do)
eogle
Anything But Oceanian Capitals
eogle
Anything But 7
eogle
Anything But Thing
eogle
Word Ladder: February 29
pecheneg
Song Title Questions
pecheneg
Women's NCAA Tournament #1 Seeds
pecheneg
Celebrity Mug Shots
pecheneg
Trending Topics
Marvel
Anime
Disney
NBA
Crossword
Kpop
Harry Potter
Puzzle
Country
Pokémon
Song
Soccer
WWE
The Office
NFL
Your Account Isn't Verified!
In order to create a playlist on Sporcle, you need to verify the email address you used during registration. Go to your
Sporcle Settings
to finish the process.
Report this User
Report this user for behavior that violates our
Community Guidelines
.
Details:
Send Report
Go to the Sporcle.com Mobile Site →
Comments